000 00425nam a2200157 i 4500
001 bg
100 1 _aKOZAKEVIC, A. M.
245 0 _aMetrologiceskoe obespecenie piscevych proizvodstw /
_cA.M. Kozakevic, A.N. Norenko, H.M. Litvinenko.
260 _aKiew,
_c1984.
700 1 _aNORENKO, A. N.
700 1 _aLITVINENKO, H. M.
040 _cBPK
041 _apol
942 _cKS
008 s pl f |000 0 pol
999 _c28447
_d28447
856 _uhttp://koha.tu.koszalin.pl/cgi-bin/koha/opac-detail.pl?biblionumber=28447
_yKatalog online BPK